|
|
|
|
| LEADER |
01161nab a2200349 i 4500 |
| 001 |
publ17455 |
| 005 |
20191122145611.0 |
| 008 |
191122s2019 hu o 0|| zxx d |
| 022 |
|
|
|a 1999-4907
|
| 024 |
7 |
|
|a 10.3390/f10111013
|2 doi
|
| 024 |
7 |
|
|a 30922973
|2 mtmt
|
| 040 |
|
|
|a SZTE Publicatio Repozitórium
|b hun
|
| 041 |
|
|
|a zxx
|
| 100 |
1 |
|
|a Chen Liqiong
|
| 245 |
1 |
0 |
|a Towards the Biological Control of Devastating Forest Pathogens from the Genus Armillaria
|h [elektronikus dokumentum] /
|c Chen Liqiong
|
| 260 |
|
|
|c 2019
|
| 300 |
|
|
|a Terjedelem: 22 p-Azonosító: 1013
|
| 490 |
0 |
|
|a FORESTS
|v 10
|
| 700 |
0 |
1 |
|a Bóka Bettina
|e aut
|
| 700 |
0 |
1 |
|a Kedves Orsolya
|e aut
|
| 700 |
0 |
1 |
|a Nagy Viktor Dávid
|e aut
|
| 700 |
0 |
1 |
|a Szűcs Attila
|e aut
|
| 700 |
0 |
1 |
|a Champramary Simang
|e aut
|
| 700 |
0 |
1 |
|a Roszik Róbert
|e aut
|
| 700 |
0 |
1 |
|a Patocskai Zoltán
|e aut
|
| 700 |
0 |
1 |
|a Münsterkötter Martin
|e aut
|
| 700 |
0 |
1 |
|a Huynh Thu
|e aut
|
| 700 |
0 |
1 |
|a Indic Boris
|e aut
|
| 700 |
0 |
1 |
|a Vágvölgyi Csaba
|e aut
|
| 700 |
0 |
1 |
|a Sipos György
|e aut
|
| 700 |
0 |
1 |
|a Kredics László
|e aut
|
| 856 |
4 |
0 |
|u http://publicatio.bibl.u-szeged.hu/17455/1/forests-10-01013-v2.pdf
|z Dokumentum-elérés
|